000 00989nam a22002535i 4500
001 165254
003 ES-MaACL
005 20250816090142.0
008 000117s1898 sp a |||| | spa d
040 _aCCPB | B
_bspa
_cCCPB | B
080 _a502(0:7)
080 _a73.033.4(460)
100 1 _aSerrano Fatigati, Enrique.
_9132669
245 1 0 _aSentimiento de la naturaleza en los relieves medioevales españoles /
_cpor Enrique Serrano Fatigati.
260 _aMadrid :
_b[s.n.],
_c1898 (
_fEst. tipográfico de San Francisco de Sales)
300 _a[4], 27 p., [3] h. de grab. :
_bil. ;
_c27 cm.
597 _aTexto a dos col.
599 _aIl. grab. xil. intercalados en el texto.
599 _aLas h. de lám. son xil.
650 _aNaturaleza-
_xEn el arte.
_9149894
650 7 _aRelieve medieval (Escultura)
_2embne
_9149895
852 _aES-MaACL
_jT-840-F-7
_z-- Enc. hol., conservando la cub. original
_z-- Enc. en un vol. facticio
999 _c165254
_d165254